| 000 | 00730nam a22002177a 4500 | ||
|---|---|---|---|
| 003 | OSt | ||
| 005 | 20251124162931.0 | ||
| 008 | 251124b |||||||| |||| 00| 0 eng d | ||
| 020 | _a0-13-099305-0. | ||
| 040 |
_aDWCL-Main lib _cOC |
||
| 082 |
_28th ed. _aCirc. 624.068 F538c 2006 |
||
| 100 | _aEdward R. Fisk | ||
| 245 |
_aConstruction project administration 8th ed. _cEdward R. Fisk |
||
| 260 |
_aN. J. : _bPearson Prentice Hall, _cc2006. |
||
| 300 |
_axiv, 639 pages : _billustration ; _c24 cm. |
||
| 504 | _aIncludes bibliographical references and index. | ||
| 650 | _21. Building-Superintendence. | ||
| 650 | _22. Construction industry-management. | ||
| 700 | _aReynolds, Wayne D. | ||
| 942 |
_2ddc _cBK-CIRC _e8th ed. _kCirc. _n0 |
||
| 999 |
_c6142 _d6142 |
||